དད་པའི་ས་བོན། (Record no. 740)
[ view plain ]
| 000 -LEADER | |
|---|---|
| fixed length control field | 00691nam a2200205 4500 |
| 001 - CONTROL NUMBER | |
| control field | 1045 |
| 005 - DATE AND TIME OF LATEST TRANSACTION | |
| control field | 20190808133107.0 |
| 008 - FIXED-LENGTH DATA ELEMENTS--GENERAL INFORMATION | |
| fixed length control field | 190808b ||||| |||| 00| 0 eng d |
| 020 00 - INTERNATIONAL STANDARD BOOK NUMBER | |
| International Standard Book Number | 9993622419 |
| 090 00 - LOCALLY ASSIGNED LC-TYPE CALL NUMBER (OCLC); LOCAL CALL NUMBER (RLIN) | |
| Classification number (OCLC) (R) ; Classification number, CALL (RLIN) (NR) | 248.26 T4449s |
| 100 00 - MAIN ENTRY--PERSONAL NAME | |
| Personal name | Thinley, Kuenzang. |
| 245 00 - TITLE STATEMENT | |
| Title | དད་པའི་ས་བོན། |
| Statement of responsibility, etc. | Kuenzang Thinley. |
| 246 ## - VARYING FORM OF TITLE | |
| Title proper/short title | [Seeds of faith : a comprehensive guide to the sacred places of Bhutan]. |
| 260 00 - PUBLICATION, DISTRIBUTION, ETC. | |
| Place of publication, distribution, etc. | Thimphu : |
| Name of publisher, distributor, etc. | KMT Publisher, |
| Date of publication, distribution, etc. | 2008. |
| 300 00 - PHYSICAL DESCRIPTION | |
| Extent | In Dzongkha. |
| 500 00 - GENERAL NOTE | |
| General note | xxiii, 326 p. : col. illi. |
| 650 00 - SUBJECT ADDED ENTRY--TOPICAL TERM | |
| Topical term or geographic name entry element | Buddhist monasteries --Bhutan --Guidebooks. |
| Topical term or geographic name entry element | Buddhist pilgrims and pilgrimages --Bhutan --Guidebooks. |
| 942 ## - ADDED ENTRY ELEMENTS (KOHA) | |
| Source of classification or shelving scheme | Dewey Decimal Classification |
| Koha item type | Dzongkha |
| Withdrawn status | Lost status | Source of classification or shelving scheme | Damaged status | Not for loan | Collection code | Home library | Current library | Shelving location | Date acquired | Cost, normal purchase price | Serial Enumeration / chronology | Inventory number | Total Checkouts | Total Renewals | Full call number | Barcode | Date last seen | Date last checked out | Copy number | Price effective from | Koha item type | Checked out |
|---|---|---|---|---|---|---|---|---|---|---|---|---|---|---|---|---|---|---|---|---|---|---|
| Dewey Decimal Classification | Dzongkha | RTC Library | RTC Library | Dzongkha | 28/03/2022 | 2200.00 | 3484 | 3 | 4 | 954.98 THI | 30001846 | 25/02/2025 | 23/01/2025 | 1 | 27/11/2018 | Dzongkha | ||||||
| Dewey Decimal Classification | Reference | RTC Library | RTC Library | Reference | 28/03/2022 | 2200.00 | 3571 | 954.98 THI | 30001831 | 27/11/2018 | 2 | 27/11/2018 | Reference | |||||||||
| Dewey Decimal Classification | Dzongkha | RTC Library | RTC Library | Dzongkha | 28/03/2022 | 2200.00 | 3627 | 1 | 954.58 THI | 30001866 | 09/05/2026 | 09/05/2026 | 3 | 27/11/2018 | Dzongkha | 24/05/2026 | ||||||
| Dewey Decimal Classification | Dzongkha | RTC Library | RTC Library | Dzongkha | 8086 | 1 | 1 | 954.98 THI | 30007855 | 24/03/2020 | 04/03/2020 | 5 | 27/11/2018 | Dzongkha | ||||||||
| Dewey Decimal Classification | Dzongkha | RTC Library | RTC Library | Dzongkha | 8087 | 2 | 2 | 954.98 THI | 30007829 | 17/11/2020 | 31/01/2020 | 4 | 27/11/2018 | Dzongkha |